Vnútropodnikový manažment výroby

Enregistré dans:
Détails bibliographiques
Auteur principal: Dupaľ, Andrej
Format: Livre
Langue:slovaque
Publié: Bratislava Vydavateľstvo Ekonóm 1998
Sujets:
Tags: Ajouter un tag
Pas de tags, Soyez le premier à ajouter un tag!

MARC

LEADER 00000nam a2200000 4500
001 c101297
005 20240502071314.2
020 |a 80-225-0959-0 
041 0 |a slo 
044 |a SK 
245 1 0 |a Vnútropodnikový manažment výroby  |c Andrej Dupaľ 
264 1 |a Bratislava  |b Vydavateľstvo Ekonóm  |c 1998 
300 |a 157 s. 
610 2 0 |a manažment 
610 2 0 |a podnik 
610 2 0 |a hospodárstvo podnikové 
610 2 0 |a výroba 
610 2 0 |a podnikanie 
610 2 0 |a systémy informačné 
610 2 0 |a plánovanie výroby 
610 2 0 |a riadenie výroby 
610 2 0 |a normatívy 
100 1 |a Dupaľ, Andrej